[Event "Kemerovo-ch"]
[Site "Kemerovo"]
[Date "2014.04.23"]
[Round "7"]
[White "Chernov, Vadim A"]
[Black "Ganichev, Boris"]
[Result "1/2-1/2"]
[WhiteElo "2439"]
[BlackElo "2032"]
[PlyCount "119"]
[EventDate "2014.04.02"]
[EventType "swiss"]
[EventRounds "9"]
[EventCountry "RUS"]
[SourceTitle "CBM 160 Extra"]
[Source "ChessBase"]
[SourceDate "2014.07.01"]
[SourceVersion "1"]
[SourceVersionDate "2014.07.01"]
[SourceQuality "1"]

1. e4 e6 2. d4 d5 3. e5 c5 4. c3 Nc6 5. a3 Qb6 6. Nf3 Bd7 7. b3 cxd4 8. cxd4 Na5 9. Nbd2 Rc8 10. b4 Nc4 11. Nxc4 dxc4 12. Be2 Ne7 13. 0-0 Nd5 14. Be3 Qc6 15. Rc1 b5 16. Nd2 a5 17. a4 Qa6 18. axb5 Bxb5 19. bxa5 Bb4 20. Qc2 Nc3 21. Bf3 Ba4 22. Qa2 Qxa5 23. Ne4 Nxe4 24. Bxe4 0-0 25. Qb1 g6 26. Qa2 Bc6 27. Qc2 Bd5 28. Ra1 Qc7 29. Bxd5 exd5 30. f4 f5 31. Ra4 Rb8 32. Rfa1 Rb7 33. Qf2 c3 34. Qf3 Qc4 35. h4 Qb3 36. h5 c2 37. hxg6 hxg6 38. Ra6 Rg7 39. Rc6 Qb1+ 40. Qf1 Qb3 41. Qe2 Bc3 42. Qd3 Rb8 43. Rc1 Bb2 44. Qxb3 Rxb3 45. R1xc2 Rxe3 46. Rxb2 Re4 47. Rb4 Rxf4 48. Rd6 Rg4 49. Rxd5 Ra7 50. Rb2 Kf7 51. Rd6 Re4 52. Rf6+ Kg7 53. Rd6 Ra1+ 54. Kf2 Rd1 55. Re2 Rdxd4 56. Rxd4 Rxd4 57. e6 Rd8 58. Kf3 Kf6 59. g4 fxg4+ 60. Kxg4 1/2-1/2

[Event "Kemerovo-ch"]
[Site "Kemerovo"]
[Date "2014.04.13"]
[Round "4"]
[White "Ganichev, Boris"]
[Black "Zakharov, Sergei D"]
[Result "0-1"]
[WhiteElo "2032"]
[BlackElo "2221"]
[PlyCount "110"]
[EventDate "2014.04.02"]
[EventType "swiss"]
[EventRounds "9"]
[EventCountry "RUS"]
[SourceTitle "CBM 160 Extra"]
[Source "ChessBase"]
[SourceDate "2014.07.01"]
[SourceVersion "1"]
[SourceVersionDate "2014.07.01"]
[SourceQuality "1"]

1. e4 d6 2. d4 Nf6 3. Nc3 c6 4. h3 a6 5. Be3 b5 6. a3 Bb7 7. Be2 g6 8. Bf3 Bg7 9. Nge2 Nbd7 10. g3 c5 11. dxc5 Nxc5 12. Bxc5 dxc5 13. Qd3 Qxd3 14. cxd3 Nd7 15. 0-0-0 0-0 16. Bg2 b4 17. axb4 cxb4 18. Nd5 Bxd5 19. exd5 Ra7 20. Kb1 a5 21. d4 a4 22. Rd3 a3 23. bxa3 bxa3 24. Ka2 e5 25. dxe6 fxe6 26. f4 Rc7 27. Rc1 Rxc1 28. Nxc1 Rc8 29. Kb1 Bf8 30. d5 e5 31. d6 Rb8+ 32. Ka1 exf4 33. Bd5+ Kh8 34. gxf4 Rb6 35. Bb3 Bxd6 36. Rf3 Nc5 37. Ka2 Nxb3 38. Nxb3 Rc6 39. Kb1 Rc4 40. f5 gxf5 41. Rd3 Be7 42. Nd2 Rb4+ 43. Nb3 Rf4 44. Rd7 Bf6 45. Ka2 Bb2 46. Rd8+ Kg7 47. Rd7+ Kg6 48. Nc5 Rf2 49. Nd3 Rh2 50. Kb1 h6 51. Rb7 Bd4 52. Nf4+ Kf6 53. Nd5+ Ke6 54. Nb4 Rb2+ 55. Kc1 Rxb4 0-1

[Event "Kemerovo Kuzbass-ch"]
[Site "Kemerovo"]
[Date "2012.11.27"]
[Round "6"]
[White "Ganichev, Boris"]
[Black "Kudriashov, Anatolij"]
[Result "1-0"]
[WhiteElo "2045"]
[BlackElo "1825"]
[PlyCount "151"]
[EventDate "2012.11.23"]
[EventType "swiss"]
[EventRounds "9"]
[EventCountry "RUS"]
[SourceTitle "CBM 151 Extra"]
[Source "ChessBase"]
[SourceDate "2012.12.18"]
[SourceVersion "1"]
[SourceVersionDate "2012.12.18"]
[SourceQuality "1"]

1. d4 d5 2. Nc3 Nf6 3. Bg5 Nbd7 4. e3 e6 5. a3 Be7 6. h3 0-0 7. Bf4 c5 8. Nf3 a6 9. Be2 b5 10. dxc5 Nxc5 11. 0-0 Nfe4 12. Nxe4 Nxe4 13. Ne5 Bb7 14. f3 Nc5 15. c3 f6 16. Nd3 e5 17. Bg3 Qb6 18. Bf2 e4 19. Nf4 Rad8 20. Qd4 Rd6 21. Bd1 Rfd8 22. b4 Ne6 23. Qxb6 Rxb6 24. Ne2 f5 25. a4 Kf7 26. axb5 Rxb5 27. Be1 Ra8 28. Nd4 Nxd4 29. exd4 Kg6 30. f4 h6 31. g3 Rf8 32. Kf2 Bd8 33. Ke3 Rb6 34. Be2 Kh7 35. Bd2 g5 36. Kf2 Kg6 37. Ra3 h5 38. Rfa1 gxf4 39. Bxf4 Rff6 40. h4 Rfc6 41. Ke3 Be7 42. Kd2 Bd6 43. Ra5 Bxf4+ 44. gxf4 Re6 45. Ke3 Kh6 46. Rg1 Rg6 47. Rg5 Rxg5 48. fxg5+ Kg6 49. Rc5 Bc6 50. Kf4 Bb7 51. Rc7 Bc6 52. Ke5 Bb5 53. Bxb5 axb5 54. Kxd5 e3 55. Re7 f4 56. Ke4 Rc6 57. Kxf4 Rxc3 58. Re6+ Kg7 59. Rxe3 Rc4 60. Ke5 Rxb4 61. Kd5 Rb1 62. Re7+ Kg6 63. Re6+ Kg7 64. Rb6 Rh1 65. Ke5 Rxh4 66. d5 Rg4 67. Kf5 b4 68. Rb7+ Kg8 69. d6 Rd4 70. Ke6 Re4+ 71. Kd5 Rg4 72. d7 Rxg5+ 73. Ke6 Rg6+ 74. Kf5 Rd6 75. Rb8+ Kf7 76. d8Q 1-0

[Event "Kemerovo-ch op"]
[Site "Kemerovo"]
[Date "2012.03.21"]
[Round "7"]
[White "Ganichev, Boris"]
[Black "Akentjev, Oleg"]
[Result "1-0"]
[WhiteElo "2045"]
[BlackElo "1842"]
[PlyCount "41"]
[EventDate "2012.03.04"]
[EventType "swiss"]
[EventRounds "9"]
[EventCountry "RUS"]
[SourceTitle "EXT 2014"]
[Source "ChessBase"]
[SourceDate "2013.11.20"]
[SourceVersion "1"]
[SourceVersionDate "2013.11.20"]
[SourceQuality "1"]

1. Nf3 Nf6 2. d4 e6 3. Bg5 Nc6 4. e4 h6 5. Bxf6 Qxf6 6. e5 Qf4 7. g3 Qg4 8. h3 Qe4+ 9. Qe2 Qd5 10. c3 b6 11. Bg2 Be7 12. 0-0 Qa5 13. Re1 Rb8 14. Nbd2 Ba6 15. Qe4 Bb7 16. Qc2 b5 17. b4 Qa3 18. Nb1 Qa4 19. Qb2 a5 20. a3 axb4 21. axb4 1-0

[Event "Kemerovo op"]
[Site "Kemerovo"]
[Date "2011.07.26"]
[Round "3"]
[White "Ganichev, Boris"]
[Black "Ponomarev, Dmitry"]
[Result "0-1"]
[WhiteElo "2060"]
[BlackElo "2401"]
[PlyCount "130"]
[EventDate "2011.07.25"]
[EventType "swiss"]
[EventRounds "9"]
[EventCountry "RUS"]
[SourceTitle "EXT 2012"]
[Source "ChessBase"]
[SourceDate "2011.11.24"]
[SourceVersion "1"]
[SourceVersionDate "2011.11.24"]
[SourceQuality "1"]

1. d4 d6 2. e4 Nf6 3. Bd3 c6 4. Ne2 e5 5. c3 Be7 6. 0-0 0-0 7. Bg5 Nbd7 8. Nd2 h6 9. Bh4 Re8 10. f3 b6 11. Bf2 Bb7 12. Rc1 Qc7 13. Ng3 Bf8 14. Re1 Rad8 15. Bb1 g6 16. Qc2 Bg7 17. b3 Nh7 18. Rcd1 Ba6 19. Ndf1 Ndf8 20. Ne3 Qe7 21. d5 c5 22. c4 h5 23. Qe2 Bc8 24. Bd3 Qf6 25. Qc2 h4 26. Nh1 h3 27. Qe2 hxg2 28. Kxg2 Ng5 29. Ng4 Qe7 30. h4 Ngh7 31. Qe3 f5 32. exf5 gxf5 33. Nh6+ Bxh6 34. Qxh6 Qf6 35. Qxf6 Nxf6 36. Ng3 Ng6 37. Ne2 Kf7 38. Rh1 Rh8 39. Rdg1 Rh7 40. Kf1 Rdh8 41. Rg5 e4 42. fxe4 fxe4 43. Bc2 Nxh4 44. Nc3 Nf3 45. Rxh7+ Rxh7 46. Rg3 Rh1+ 47. Ke2 Bf5 48. Nxe4 Bxe4 49. Bxe4 Nxe4 50. Rxf3+ Kg6 51. Kd3 Ng5 52. Re3 Kf5 53. Bg3 Rh6 54. a3 Kg4 55. Be1 Nf3 56. Bc3 Rh3 57. b4 Kf4 58. Re4+ Kf5 59. Re3 a6 60. bxc5 bxc5 61. a4 Rg3 62. a5 Ne5+ 63. Bxe5 Rxe3+ 64. Kxe3 Kxe5 65. Kd3 Kf4 0-1

[Event "Kemerovo-ch"]
[Site "Kemerovo"]
[Date "2011.02.20"]
[Round "1"]
[White "Ganichev, Boris"]
[Black "Vlassov, Nikolai"]
[Result "1/2-1/2"]
[WhiteElo "2060"]
[BlackElo "2449"]
[PlyCount "158"]
[EventDate "2011.02.20"]
[EventType "swiss"]
[EventRounds "9"]
[EventCountry "RUS"]
[SourceTitle "CBM 141 Extra"]
[Source "ChessBase"]
[SourceDate "2011.05.03"]
[SourceVersion "1"]
[SourceVersionDate "2011.05.03"]
[SourceQuality "1"]

1. d4 Nf6 2. Nf3 e6 3. Nbd2 c5 4. e3 b6 5. c3 Bb7 6. Bd3 d6 7. e4 Be7 8. 0-0 0-0 9. Re1 Re8 10. Nf1 Nbd7 11. Ng3 Qc7 12. Bd2 e5 13. Rc1 Bf8 14. b3 exd4 15. cxd4 Rad8 16. d5 a6 17. a4 Qb8 18. Bf4 Bc8 19. Qd2 Ng4 20. Nf5 Nde5 21. Nxe5 dxe5 22. Bg3 Bxf5 23. exf5 Rxd5 24. Qe2 Rd4 25. f3 Nf6 26. Bxa6 Bd6 27. Bb5 Re7 28. Red1 Kf8 29. Rxd4 exd4 30. Bxd6 Qxd6 31. Qd2 Qe5 32. Bd3 Qe3+ 33. Qxe3 Rxe3 34. Bc4 Nh5 35. Kf2 Nf4 36. Rd1 Rc3 37. Rd2 Ke7 38. Kg3 Nh5+ 39. Kh4 Nf6 40. Re2+ Kd6 41. Bxf7 d3 42. Re6+ Kc7 43. Re1 Nd7 44. Bc4 d2 45. Rd1 Ne5 46. Be6 Rc2 47. Kg3 Nd3 48. f6 gxf6 49. Bf5 Rc3 50. Rxd2 Nc1 51. Rc2 Rxc2 52. Bxc2 Kd6 53. Kf4 Ne2+ 54. Ke3 Nd4 55. Bxh7 Nxb3 56. Bg8 Nd4 57. g4 b5 58. axb5 Nxb5 59. h4 Ke7 60. f4 Nd6 61. f5 Kf8 62. Be6 Kg7 63. Bd5 Kh6 64. Kd3 Kg7 65. Kc3 Kh6 66. Kb3 Kg7 67. Ka4 Kh6 68. Ka5 Kg7 69. Bb3 c4 70. Bc2 Nf7 71. Kb4 Ne5 72. Bd1 Nd3+ 73. Kc3 Ne1 74. Be2 Ng2 75. h5 Kh6 76. Kxc4 Nf4 77. Bd1 Kg5 78. Kc5 Nxh5 79. gxh5 Kxf5 1/2-1/2

[Event "Kuzbass-ch"]
[Site "Kemerovo"]
[Date "2010.10.30"]
[Round "9"]
[White "Ermakov, Jan"]
[Black "Ganichev, Boris"]
[Result "1-0"]
[WhiteElo "2183"]
[BlackElo "2066"]
[PlyCount "97"]
[EventDate "2010.10.23"]
[EventType "swiss"]
[EventRounds "9"]
[EventCountry "RUS"]
[SourceTitle "EXT 2011"]
[Source "ChessBase"]
[SourceDate "2010.11.26"]
[SourceVersion "1"]
[SourceVersionDate "2010.11.26"]
[SourceQuality "1"]

1. e4 c5 2. Nf3 Nc6 3. Bb5 a6 4. Bxc6 bxc6 5. 0-0 g6 6. d3 Bg7 7. Nc3 d5 8. h3 d4 9. Na4 Qa5 10. b3 Nf6 11. Qe1 Qb5 12. e5 Nd5 13. Ba3 Nb4 14. Bxb4 Qxb4 15. Qxb4 cxb4 16. Rfe1 e6 17. Nxd4 Bd7 18. f4 Bf8 19. Nf3 Rb8 20. Ng5 c5 21. Nb2 Bb5 22. Ne4 Be7 23. Nc4 0-0 24. a3 bxa3 25. Rxa3 Rfd8 26. Ncd6 Bxd6 27. Nxd6 Rb6 28. Rea1 Kg7 29. Kf2 h5 30. h4 Kf8 31. g3 Rdb8 32. Ke3 Ke7 33. Ne4 Rc8 34. Kd2 Rc7 35. c4 Bd7 36. Kc3 Bc8 37. Ra5 Rbc6 38. Nd6 Rxd6 39. exd6+ Kxd6 40. d4 cxd4+ 41. Kxd4 Rc6 42. b4 f6 43. c5+ Kc7 44. b5 axb5 45. Rxb5 Ba6 46. Rba5 Kb7 47. R1a3 Be2 48. Ra7+ Kb8 49. Ra8+ 1-0

[Event "Kuzbass-ch"]
[Site "Kemerovo"]
[Date "2010.10.26"]
[Round "5"]
[White "Kolosovskiy, Danil"]
[Black "Ganichev, Boris"]
[Result "1/2-1/2"]
[WhiteElo "1927"]
[BlackElo "2066"]
[PlyCount "141"]
[EventDate "2010.10.23"]
[EventType "swiss"]
[EventRounds "9"]
[EventCountry "RUS"]
[SourceTitle "EXT 2011"]
[Source "ChessBase"]
[SourceDate "2010.11.26"]
[SourceVersion "1"]
[SourceVersionDate "2010.11.26"]
[SourceQuality "1"]

1. Nf3 g6 2. d4 Nf6 3. c4 Bg7 4. Nc3 d6 5. e4 0-0 6. Be2 c6 7. 0-0 Nbd7 8. Re1 e5 9. Bf1 Qc7 10. Rb1 Rd8 11. d5 Nf8 12. Qd3 Ne8 13. Bg5 f6 14. Bh4 g5 15. Bg3 h5 16. h3 Ng6 17. b4 h4 18. Bh2 g4 19. hxg4 Bxg4 20. c5 Qf7 21. Qe3 Kh7 22. Bc4 Bh6 23. Qd3 Qf8 24. Nd2 Rab8 25. Nb3 Qg7 26. Na5 Qc7 27. Nb3 Bf4 28. Ne2 Ng7 29. Nxf4 exf4 30. Qd2 Nh5 31. Be2 Bxe2 32. Qxe2 Kh6 33. Nd4 Ng7 34. Nf5+ Kh7 35. Nxd6 Rxd6 36. cxd6 Qxd6 37. Red1 Qe5 38. Qf3 Ne8 39. dxc6 bxc6 40. Rd7+ Ng7 41. a3 a5 42. Rdd1 axb4 43. axb4 Ne6 44. Rd7+ Kh6 45. Qd3 Rb5 46. Rd6 Ng5 47. Rxc6 h3 48. Rxf6 Qxf6 49. Qxb5 Nxe4 50. Qd3 Ng5 51. b5 hxg2 52. Kxg2 Qe6 53. Kf1 f3 54. Bg3 Qg4 55. b6 Ne4 56. Qe3+ Kh7 57. Ke1 Nh4 58. Kd1 Nxg3 59. Qd3+ Ngf5 60. Qd7+ Kh6 61. b7 Qg1+ 62. Kc2 Qxf2+ 63. Qd2+ Ne3+ 64. Kd3 Qxd2+ 65. Kxd2 Nef5 66. b8Q Kg5 67. Rg1+ Ng2 68. Qg8+ Kf4 69. Rxg2 fxg2 70. Qxg2 Ke5 71. Kd3 1/2-1/2

[Event "Kuzbass-ch"]
[Site "Kemerovo"]
[Date "2010.10.24"]
[Round "2"]
[White "Akentjev, Oleg"]
[Black "Ganichev, Boris"]
[Result "0-1"]
[WhiteElo "1834"]
[BlackElo "2066"]
[PlyCount "88"]
[EventDate "2010.10.23"]
[EventType "swiss"]
[EventRounds "9"]
[EventCountry "RUS"]
[SourceTitle "EXT 2011"]
[Source "ChessBase"]
[SourceDate "2010.11.26"]
[SourceVersion "1"]
[SourceVersionDate "2010.11.26"]
[SourceQuality "1"]

1. f4 Nf6 2. Nf3 c5 3. e3 Nc6 4. b3 a6 5. Bb2 d6 6. Be2 h6 7. d3 Qc7 8. h3 e6 9. Nbd2 Nd5 10. Kf2 Rg8 11. Ne4 f5 12. Ng3 e5 13. Qd2 Be7 14. c4 Nf6 15. Rhf1 Bd7 16. a3 0-0-0 17. b4 e4 18. Nh2 cxb4 19. axb4 d5 20. b5 Bb4 21. Qd1 exd3 22. Bxd3 dxc4 23. Bxc4 Be8 24. Qb3 Rd2+ 25. Kg1 axb5 26. Be6+ Kb8 27. Bxg8 Rxb2 28. Qxb2 Nxg8 29. Qa2 Qf7 30. Qa8+ Kc7 31. Nxf5 Qe6 32. Nf3 g6 33. Ng7 Qxe3+ 34. Kh1 Bf7 35. Rac1 Nf6 36. Ne5 Bd5 37. Rxc6+ bxc6 38. Ne6+ Kd6 39. Qd8+ Kxe6 40. Qc8+ Kd6 41. Qb8+ Ke6 42. Qc8+ Ke7 43. Qc7+ Kf8 44. Nxg6+ Kg8 0-1

[Event "Kemerovo-ch"]
[Site "Kemerovo"]
[Date "2010.03.16"]
[Round "3"]
[White "Ganichev, Boris"]
[Black "Sazhinov, Alexander"]
[Result "0-1"]
[WhiteElo "2070"]
[BlackElo "2308"]
[PlyCount "164"]
[EventDate "2010.03.15"]
[EventType "swiss"]
[EventRounds "9"]
[EventCountry "RUS"]
[SourceTitle "CBM 135 Extra"]
[Source "ChessBase"]
[SourceDate "2010.05.04"]
[SourceVersion "1"]
[SourceVersionDate "2010.05.04"]
[SourceQuality "1"]

1. d4 Nf6 2. c4 e5 3. dxe5 Ng4 4. Nf3 Bc5 5. e3 Nc6 6. a3 a5 7. Be2 0-0 8. Qd5 Qe7 9. Nc3 Ncxe5 10. Ne4 Bb6 11. h3 c6 12. Qd6 Nxf3+ 13. gxf3 Qxd6 14. Nxd6 Nf6 15. Bd2 Bc5 16. Nxc8 Rfxc8 17. Bc3 Be7 18. 0-0 a4 19. Rfd1 b6 20. Bd3 g6 21. Kg2 Rc7 22. f4 Ne8 23. Kf3 Bf6 24. Rac1 Bxc3 25. Rxc3 Ra5 26. e4 Kf8 27. Bf1 Ke7 28. Ke3 Rc5 29. Rdc1 Ng7 30. Be2 Ra7 31. Rd1 Ne6 32. h4 h6 33. Rh1 Ra8 34. Rb1 f6 35. Rd1 Rca5 36. Rcd3 Nc5 37. Rd6 Rg8 38. Bg4 Ra7 39. e5 f5 40. Bf3 Ne6 41. Rg1 Rg7 42. Be2 Ra8 43. Bd3 Rag8 44. Bc2 g5 45. hxg5 hxg5 46. fxg5 f4+ 47. Ke2 Rxg5 48. Rxg5 Rxg5 49. Rd1 Rxe5+ 50. Kf3 Rc5 51. Bd3 Kf6 52. Re1 Rh5 53. Bf1 Rh1 54. Kg2 Rh4 55. Rd1 Rh7 56. Kf3 Ke5 57. Re1+ Kd4 58. Re4+ Kc5 59. Re5+ Kd6 60. Re1 Rf7 61. Rd1+ Kc5 62. Re1 Kd4 63. Re4+ Kc5 64. Re5+ Kd6 65. Rh5 c5 66. Bh3 Nd4+ 67. Ke4 f3 68. Rd5+ Kc6 69. Re5 b5 70. cxb5+ Nxb5 71. Bg4 Nd4 72. Re8 Rh7 73. Bxf3 d5+ 74. Ke3 Rh3 75. Rf8 Kb5 76. Rf4 Kc4 77. Rxd4+ cxd4+ 78. Kf4 d3 79. Bd1 Rh1 80. Bxa4 d2 81. b3+ Kc3 82. b4 d1Q 0-1

[Event "Kuzbass-ch"]
[Site "Kemerovo"]
[Date "2007.12.17"]
[Round "2"]
[White "Siuniakov, Igor"]
[Black "Ganichev, Boris"]
[Result "1-0"]
[WhiteElo "2286"]
[BlackElo "2081"]
[PlyCount "113"]
[EventDate "2007.12.16"]
[EventType "swiss"]
[EventRounds "9"]
[EventCountry "RUS"]
[SourceTitle "CBM 122 Extra"]
[Source "ChessBase"]
[SourceDate "2008.03.04"]
[SourceVersion "1"]
[SourceVersionDate "2008.03.04"]
[SourceQuality "1"]

1. Nf3 d5 2. g3 c5 3. Bg2 Nc6 4. 0-0 e5 5. d3 f6 6. c4 dxc4 7. dxc4 Qxd1 8. Rxd1 Bd7 9. Nc3 0-0-0 10. b3 Bf5 11. Rxd8+ Kxd8 12. Bb2 Nh6 13. Rd1+ Kc8 14. e3 Bd7 15. Nd2 Be7 16. Nde4 Nf7 17. Nd5 b6 18. Nxe7+ Nxe7 19. f4 Nc6 20. Nc3 Ne7 21. Nd5 Nc6 22. Nc3 Ne7 23. Nd5 Nc6 24. Bc3 Rd8 25. Rd2 Be8 26. Be4 h6 27. Bg2 Bd7 28. a4 Re8 29. Kf2 e4 30. Bxf6 Na5 31. Bxg7 Nxb3 32. Rc2 Bf5 33. g4 Bd7 34. Nf6 Re6 35. Bxe4 Rd6 36. Nxd7 Kxd7 37. Bd5 Nd8 38. f5 Nc6 39. Rc3 Nba5 40. e4 Nb4 41. e5 Rxd5 42. cxd5 Nxd5 43. Rd3 Kc6 44. e6 Nc4 45. f6 Ne5 46. Rg3 Kd6 47. e7 Nc7 48. Bxh6 Ke6 49. g5 Kf7 50. h4 Kg6 51. Ke2 Ne8 52. Re3 Nf7 53. Rd3 Nfd6 54. h5+ Kf7 55. Bg7 c4 56. g6+ Kg8 57. Rxd6 1-0